000 00822cab a2200193 4500
001 ABS54984
008 090401t1996 xxu||||| |||| 00| 0 eng d
035 _a(Sirsi) u13485
041 _aeng
245 _aGuide to buying your dream home
260 _c1996
350 _a0
490 _aCountry Life
_vSupplement 190(16) April 1996, (44)
520 _aOffers advice to those considering buying a house at the top end of the market, with articles on what the typical dream-home buyer is looking for, the value of property county by county, factors that influence the choice of location, decoration ideas, negotiation skills and the possible consequences of a labour government.
650 _aCOUNTRY HOUSES
690 _aPROPERTY-RESIDENTIAL PROPERTY-RESIDENTIAL PROPERTY MARKET
942 _n0
948 _c04/03/1997
999 _c8688
_d8688